1746 1800 1654 1456 1871 1366 1765 1901 1348 1039 1415 1145 1277 1298 1671 1230 1125 1996 1595 1060 1089 1463 1545 1687 1532 1581 1746 1943 1375 1769 1142 1461 1028 1046 1909 1088 1534 1852 1916 1971 1266 1393 1277 1034 1577 1697 1802 1987 1615 1453 1140 1522 1092 1752 1914 1454 1274 1191 1183 1202 1029 1480 1057 1661 1500 1196 1654 1315 1092 1754 1790 1185 1055 1616 1603 2000 1718 1463 1948 1447 1237 1088 1362 1638 1471 1460 1600 1325 1021 1895 1759 1256 1374 1251 1843 1769 1342 1972 1261 BCNSPRNW ULIB Ver.6.0+V

เปลี่ยนเป็นภาษาไทย

Change to English
 แสดงรายละเอียดบรรณานุกรม
  กลับหน้าหลัก

Brief Record : Get Marc (ISO 2709) : E-mail record : QR code < ปิดหน้าต่าง
LEADER : 00000nam 2200000uu 4500
001    13399120537
003     ULIB
008    060728s2550 th a 000 0 tha d
040    ^abpy
060 04 ^aWB935^bส695 2550
245 00 ^aเอกสารความรู้ผู้ดำเนินการสปาเพื่อสุขภาพ^b(Spa manager)
246 30 ^aผู้ดำเนินการสปาเพื่อสุขภาพ
246 31 ^aSpa manager
260    ^a[ม.ป.ท. :^bม.ป.พ.],^c2550
300    ^a[5], 194 หน้า :^bภาพประกอบ ;^c30 ซม
500    ^aSend to Single Search
650  4 ^aธุรกิจสปา
650  4 ^aการบำบัดด้วยกลิ่น
650  4 ^aการรักษาด้วยธรรมชาติ
650  4 ^aสปา
650  4 ^aสุขภาพและความงาม
945    ^p0^l0^i14325
945    ^p0^l0^i14326
995    ^aกัณชพร
999    ^aใช้งานได้ทุกระบบ
รายการนี้ยังไม่มีแท็ก
คุณยังไม่ได้ล็อกอิน คุณสามารถมีกิจกรรมร่วมกับเว็บไซต์ได้ แต่ต้องล็อกอินก่อน ::
  ล็อกอิน

รายการสื่อสารสนเทศ

ลำดับที่ ประเภท เลขเรียก/บาร์โค้ด สถานที่ สถานะ
1. วิทยาศาสตร์การแพทย์ และสุขภาพ
วิทยาศาสตร์การแพทย์ และสุขภาพ
WB935 ส695 2550  
  Barcode: 14325
ห้องสมุดวิทยาเขตสวรรค์ประชารักษ์
►ส่วนจัดเก็บหนังสือเก่า สปร
บนชั้น
  ขอยืม
2. วิทยาศาสตร์การแพทย์ และสุขภาพ
วิทยาศาสตร์การแพทย์ และสุขภาพ
WB935 ส695 2550 ฉ.2 
  Barcode: 14326
ห้องสมุดวิทยาเขตสวรรค์ประชารักษ์
►ส่วนจัดเก็บหนังสือเก่า สปร
บนชั้น
  ขอยืม

รายการใกล้เคียง
    หัวเรื่อง [การบำบัดด้วยกลิ่น]
    หัวเรื่อง [การรักษาด้วยธรรมชาติ]
    หัวเรื่อง [สปา]
    หัวเรื่อง [สุขภาพและความงาม]

BibComment


ยังไม่เคยถูกคอมเมนท์

คอมเมนท์ทรัพยากรรายการนี้
  คอมเมนท์: เอกสารความรู้ผู้..


 Copyright 2026. Bcnsprnw @Library